[Event "White Nights Open 2006"]
[Site "St. Petersburg RUS"]
[Date "2006.06.24"]
[Round "2.5"]
[White "Pirogov, Vyatcheslav"]
[Black "Frolochkin, Vladimir"]
[Result "0-1"]
[WhiteElo "2390"]
[BlackElo "2200"]
[PlyCount "112"]
[EventDate "2006.06.22"]
[EventType "swiss"]
[EventRounds "9"]
[EventCountry "RUS"]
[Source "lmi"]
[SourceDate "2006.06.29"]

1. c4 c5 2. Nc3 Nc6 3. g3 g6 4. Bg2 Bg7 5. Nf3 Nh6 6. d3 O-O 7. h4 e6 8. h5 Nf5
9. Bg5 Qa5 10. Bd2 Qd8 11. Ng5 d6 12. g4 Nfe7 13. hxg6 hxg6 14. Nh7 Ne5 15.
Nxf8 Kxf8 16. g5 d5 17. b3 b6 18. Rc1 Bb7 19. Bf4 Qd7 20. Kf1 Rd8 21. Qc2 Nf5
22. cxd5 exd5 23. Bh3 Qe7 24. Bxf5 gxf5 25. Rg1 Ng6 26. Qd2 Re8 27. Bh2 f4 28.
Rg4 Bc8 29. Rxf4 Nxf4 30. Bxf4 Bh3+ 31. Ke1 Bg4 32. Rc2 Qe6 33. Kd1 Bxc3 34.
Qxc3 Bxe2+ 35. Kc1 d4 36. Qc4 Qf5 37. Bd6+ Kg8 38. Rd2 Qxf2 39. Kc2 Qf1 40. g6
Bh5 41. Qxf7+ Qxf7 42. gxf7+ Kxf7 43. b4 Ke6 44. bxc5 bxc5 45. Bg3 Kd5 46. Rf2
Bg6 47. Kd2 Re3 48. Bb8 Rxd3+ 49. Ke2 Ra3 50. Kd1 Kc4 51. Kc1 Ra6 52. Rg2 Rb6
53. Rb2 Rf6 54. Rg2 Kc3 55. Rg3+ Bd3 56. Rg1 Rb6 0-1

[Event "White Nights Open 2006"]
[Site "St. Petersburg RUS"]
[Date "2006.06.24"]
[Round "2.6"]
[White "Yankovsky, Roman"]
[Black "Utkin, Aleksey"]
[Result "0-1"]
[WhiteElo "2199"]
[BlackElo "2388"]
[PlyCount "132"]
[EventDate "2006.06.22"]
[EventType "swiss"]
[EventRounds "9"]
[EventCountry "RUS"]
[Source "lmi"]
[SourceDate "2006.06.29"]

1. e4 g6 2. d4 Bg7 3. Nc3 d6 4. f4 a6 5. Nf3 b5 6. e5 Nh6 7. Bd3 O-O 8. O-O Nd7
9. Ne4 Nb6 10. Qe2 Bb7 11. c3 Rc8 12. Rd1 Qd7 13. Bc2 Bd5 14. b3 f5 15. Neg5 e6
16. Bd3 Qc6 17. Bd2 Nf7 18. Rac1 h6 19. Nxf7 Rxf7 20. Nh4 dxe5 21. dxe5 Kh7 22.
c4 bxc4 23. bxc4 Be4 24. Bxe4 Qxe4 25. Qxe4 fxe4 26. Be3 Na4 27. Rd2 g5 28.
fxg5 hxg5 29. Bxg5 Bxe5 30. g3 Nc5 31. Be3 Nd3 32. Rf1 Rxf1+ 33. Kxf1 Rb8 34.
Kg2 Rb4 35. c5 Rc4 36. Re2 a5 37. Kh3 a4 38. Ng2 a3 39. Ne1 Nxe1 40. Rxe1 Rc2
41. c6 Rxc6 42. Bc1 Bd6 43. Bf4 e5 44. Bg5 Rc2 45. Ra1 Kg6 46. Kg4 Rxh2 47. Bh4
Rf2 48. Bg5 Rc2 49. Be3 Kf6 50. Kh5 Rh2+ 51. Kg4 Ke6 52. Kg5 Re2 53. Ba7 c5 54.
Rc1 Kd5 55. g4 Rxa2 56. Kg6 Rg2 57. g5 a2 58. Kf6 Rf2+ 59. Kg7 e3 60. g6 e2 61.
Kh7 Rh2+ 62. Kg8 e4 63. g7 Ke6 64. Bb6 Be5 65. Kf8 Rf2+ 66. Ke8 Bxg7 0-1

[Event "White Nights Open 2006"]
[Site "St. Petersburg RUS"]
[Date "2006.06.24"]
[Round "2.7"]
[White "Nikolaev, Vadim"]
[Black "Ivanov, Alexey"]
[Result "0-1"]
[WhiteElo "2186"]
[BlackElo "2375"]
[PlyCount "76"]
[EventDate "2006.06.22"]
[EventType "swiss"]
[EventRounds "9"]
[EventCountry "RUS"]
[Source "lmi"]
[SourceDate "2006.06.29"]

1. d4 Nf6 2. Nf3 e6 3. c4 d5 4. cxd5 exd5 5. Bg5 c6 6. Nc3 h6 7. Bh4 Bf5 8. e3
Qb6 9. Qc1 Nbd7 10. Be2 Bd6 11. O-O O-O 12. Bg3 Bxg3 13. hxg3 Rfe8 14. Qd2 Ne4
15. Nxe4 dxe4 16. Ne1 Nf6 17. Bc4 Rad8 18. Qc3 Be6 19. Nc2 Bxc4 20. Qxc4 Rd5
21. a4 Rh5 22. b4 Qd8 23. Rfd1 Ng4 24. b5 Qf6 25. Rd2 Qg6 26. bxc6 Rh2 27. Qc5
bxc6 28. Kf1 Rh5 29. d5 Qf6 30. Kg1 Rxd5 31. Rxd5 Qxf2+ 32. Kh1 cxd5 33. Qc7
Qf5 34. Qf4 Qh5+ 35. Kg1 Qh2+ 36. Kf1 Qh1+ 37. Ke2 Qxg2+ 38. Kd1 Nf2+ 0-1

[Event "White Nights Open 2006"]
[Site "St. Petersburg RUS"]
[Date "2006.06.24"]
[Round "2.8"]
[White "Mishuchkov, Nikolai M"]
[Black "Kosarev, Dmitry"]
[Result "1/2-1/2"]
[WhiteElo "2371"]
[BlackElo "2185"]
[PlyCount "88"]
[EventDate "2006.06.22"]
[EventType "swiss"]
[EventRounds "9"]
[EventCountry "RUS"]
[Source "lmi"]
[SourceDate "2006.06.29"]

1. Nf3 c5 2. c4 Nf6 3. Nc3 e6 4. g3 b6 5. Bg2 Bb7 6. O-O d6 7. d4 cxd4 8. Qxd4
Be7 9. Rd1 O-O 10. b3 Na6 11. Qe3 Nc5 12. Nd4 Bxg2 13. Kxg2 Rc8 14. Qf3 Qd7 15.
Bb2 a6 16. Rac1 Qc7 17. Rc2 Rfe8 18. Rcd2 Ncd7 19. Ne4 Ne5 20. Nxf6+ Bxf6 21.
Qe4 Nd7 22. Kg1 Nc5 23. Qf3 Red8 24. Ba3 d5 25. cxd5 Rxd5 26. Nc2 Rxd2 27. Rxd2
h6 28. Ne3 Nd7 29. Qe4 b5 30. Kg2 Nb8 31. Rc2 Qd7 32. Rxc8+ Qxc8 33. Ng4 Qc6
34. Nxf6+ gxf6 35. Qxc6 Nxc6 36. Bc5 Kg7 37. f4 Kg6 38. Kf3 Kg7 39. e4 Kg6 40.
h3 h5 41. g4 hxg4+ 42. Kxg4 f5+ 43. exf5+ exf5+ 44. Kf3 Kh5 1/2-1/2

[Event "White Nights Open 2006"]
[Site "St. Petersburg RUS"]
[Date "2006.06.24"]
[Round "2.9"]
[White "Prelovskij, Rudolf"]
[Black "Silivanov, Sergej"]
[Result "1-0"]
[WhiteElo "2184"]
[BlackElo "2355"]
[PlyCount "75"]
[EventDate "2006.06.22"]
[EventType "swiss"]
[EventRounds "9"]
[EventCountry "RUS"]
[Source "lmi"]
[SourceDate "2006.06.29"]

1. c4 e5 2. Nc3 Nf6 3. Nf3 d6 4. d4 Nbd7 5. e4 Be7 6. h3 O-O 7. Be2 c6 8. O-O
a6 9. a4 a5 10. Be3 Re8 11. Qc2 Bf8 12. Nd2 g6 13. f4 Bg7 14. fxe5 dxe5 15. d5
h6 16. c5 Nf8 17. Bc4 cxd5 18. exd5 Nh5 19. Nde4 Bf5 20. Qf2 Qc7 21. Nd6 Red8
22. Ncb5 Qd7 23. Nxf5 gxf5 24. Qxf5 Ng3 25. Qxd7 Nxd7 26. Rf3 Ne4 27. c6 Ndf6
28. c7 Rd7 29. Rd1 Ne8 30. d6 N8xd6 31. Nxd6 Rxd6 32. Rxf7 Rc8 33. Rd7+ Kf8 34.
R1xd6 Nxd6 35. Bc5 Ke8 36. Be6 Bf8 37. Rh7 Ra8 38. Bxd6 1-0

[Event "White Nights Open 2006"]
[Site "St. Petersburg RUS"]
[Date "2006.06.24"]
[Round "2.10"]
[White "Kryschilovskij, Andrej"]
[Black "Akatova, Ekaterina"]
[Result "1/2-1/2"]
[WhiteElo "2347"]
[BlackElo "2159"]
[PlyCount "128"]
[EventDate "2006.06.22"]
[EventType "swiss"]
[EventRounds "9"]
[EventCountry "RUS"]
[Source "lmi"]
[SourceDate "2006.06.29"]

1. d4 Nf6 2. c4 g6 3. Nc3 Bg7 4. e4 d6 5. Be2 O-O 6. Nf3 e5 7. d5 Nbd7 8. Nd2
a5 9. Qc2 Ne8 10. h4 f5 11. h5 Nc5 12. hxg6 hxg6 13. Nf3 f4 14. Bd2 g5 15.
O-O-O Rf7 16. Kb1 Bf6 17. Nh2 Rh7 18. Ng4 Rxh1 19. Rxh1 Bg7 20. Nh6+ Bxh6 21.
Rxh6 Kg7 22. Rh1 Nf6 23. g3 Qf8 24. gxf4 Nfxe4 25. Nxe4 Nxe4 26. Ka1 Bf5 27.
Rg1 Bg6 28. Be3 Ng3 29. Bd3 e4 30. Rxg3 exd3 31. Qc3+ Kf7 32. fxg5 Qh8 33. Rf3+
Ke7 34. Rf6 Qh1+ 35. Bc1 Rg8 36. c5 Kd7 37. f3 Rg7 38. c6+ bxc6 39. dxc6+ Ke7
40. Rf4 Rf7 41. Rf6 Rg7 42. a3 Qd1 43. Rf4 Rf7 44. Rf6 d2 45. Qxd2 Qxd2 46.
Rxf7+ Bxf7 47. Bxd2 a4 48. f4 Bd5 49. Ba5 Bxc6 50. Bxc7 Be4 51. Ka2 Bc2 52. Bb6
Ke6 53. b4 axb3+ 54. Kb2 Kf5 55. Be3 d5 56. a4 d4 57. Bd2 Ke6 58. a5 Kd5 59.
Ka3 Kc5 60. Kb2 Kb5 61. Be1 Ka6 62. Bf2 Kxa5 63. Bxd4 Kb4 64. Be5 Kc4 1/2-1/2

[Event "White Nights Open 2006"]
[Site "St. Petersburg RUS"]
[Date "2006.06.24"]
[Round "2.12"]
[White "Novikov, Mikhail V"]
[Black "Krasnov, Vasiliy G"]
[Result "1-0"]
[WhiteElo "2343"]
[BlackElo "2141"]
[PlyCount "77"]
[EventDate "2006.06.22"]
[EventType "swiss"]
[EventRounds "9"]
[EventCountry "RUS"]
[Source "lmi"]
[SourceDate "2006.06.29"]

1. d4 g6 2. c4 Bg7 3. Nf3 Nf6 4. Nc3 c6 5. e4 O-O 6. Be2 d6 7. O-O Bg4 8. Be3
Nbd7 9. h3 Bxf3 10. Bxf3 e5 11. Qd2 Re8 12. Rad1 a6 13. d5 c5 14. Be2 Kh8 15.
Rb1 Ng8 16. Bd3 Rf8 17. b4 b6 18. a4 Ra7 19. a5 bxa5 20. bxc5 dxc5 21. Na4 Qc7
22. Rb2 Rc8 23. Rfb1 Bf6 24. Be2 Be7 25. Nb6 Nxb6 26. Rxb6 Qd7 27. Qb2 Bd6 28.
Bg4 f5 29. exf5 gxf5 30. Bf4 Re8 31. Bh5 Re7 32. Re1 Rg7 33. Bxe5 Bxe5 34. Rxe5
Rb7 35. Ree6 a4 36. Be8 Rxb6 37. Qxb6 Qb7 38. Bxa4 Qc8 39. Re8 1-0

[Event "White Nights Open 2006"]
[Site "St. Petersburg RUS"]
[Date "2006.06.24"]
[Round "2.13"]
[White "Reshetov, Valery"]
[Black "Gritsenko, Andrey"]
[Result "0-1"]
[WhiteElo "2164"]
[BlackElo "2341"]
[PlyCount "64"]
[EventDate "2006.06.22"]
[EventType "swiss"]
[EventRounds "9"]
[EventCountry "RUS"]
[Source "lmi"]
[SourceDate "2006.06.29"]

1. e4 c5 2. Nf3 d6 3. c3 Nf6 4. Be2 g6 5. O-O Bg7 6. d3 O-O 7. h3 Nc6 8. Be3 b6
9. Qa4 Bb7 10. Kh1 e5 11. Nbd2 d5 12. Bg5 Qd6 13. Bxf6 Bxf6 14. exd5 Qxd5 15.
Ne1 Qe6 16. Bf3 Bg5 17. Rd1 Rfd8 18. Nc4 Rd7 19. Ne3 Rad8 20. N1c2 Rxd3 21.
Rxd3 Rxd3 22. c4 e4 23. Be2 Rd2 24. Re1 Nd4 25. Qxa7 Nxc2 26. Nxc2 e3 27. Nxe3
Bxe3 28. Qb8+ Kg7 29. fxe3 Qxh3+ 30. Qh2 Bxg2+ 31. Kg1 Qxh2+ 32. Kxh2 Bf3 0-1

[Event "White Nights Open 2006"]
[Site "St. Petersburg RUS"]
[Date "2006.06.24"]
[Round "2.14"]
[White "Mukhin, Georgy"]
[Black "Ezov, Roman"]
[Result "1-0"]
[WhiteElo "2340"]
[BlackElo "2133"]
[PlyCount "65"]
[EventDate "2006.06.22"]
[EventType "swiss"]
[EventRounds "9"]
[EventCountry "RUS"]
[Source "lmi"]
[SourceDate "2006.06.29"]

1. d4 Nf6 2. c4 c5 3. d5 e6 4. Nc3 exd5 5. cxd5 d6 6. e4 g6 7. Bg5 a6 8. a4 Bg7
9. f3 O-O 10. Nge2 Nbd7 11. Ng3 Qc7 12. Be2 c4 13. Qd2 Re8 14. O-O Rb8 15. Rac1
b5 16. axb5 axb5 17. b4 Qa7+ 18. Be3 Qa3 19. Ra1 Qxb4 20. Rfb1 Nxd5 21. Rxb4
Bxc3 22. Qxd5 Bxb4 23. Ra7 Ne5 24. f4 Be6 25. Qd1 Nc6 26. Ra6 Rec8 27. f5 Bd7
28. h3 c3 29. h4 Bc5 30. Bxc5 dxc5 31. Qxd7 Rd8 32. Qxc6 c2 33. Ra1 1-0

[Event "White Nights Open 2006"]
[Site "St. Petersburg RUS"]
[Date "2006.06.24"]
[Round "2.16"]
[White "Abramov, Valentin"]
[Black "Eltsov, Valery"]
[Result "1/2-1/2"]
[WhiteElo "2333"]
[BlackElo "2126"]
[PlyCount "95"]
[EventDate "2006.06.22"]
[EventType "swiss"]
[EventRounds "9"]
[EventCountry "RUS"]
[Source "lmi"]
[SourceDate "2006.06.29"]

1. d4 e6 2. c4 f5 3. Nc3 Nf6 4. Nf3 Be7 5. Qc2 O-O 6. h3 d5 7. Bf4 c6 8. e3 Qa5
9. Bd3 Na6 10. Qc1 Nb4 11. Be2 dxc4 12. Bxc4 Nbd5 13. O-O Nxc3 14. Qxc3 Qxc3
15. bxc3 Nd5 16. Rac1 b5 17. Bb3 Ba3 18. Rc2 a5 19. Bg3 a4 20. Bxd5 exd5 21.
Ne5 Bb7 22. Nd3 Rae8 23. Bc7 Rf6 24. Be5 Rf7 25. Rb1 Ba6 26. f4 Bc8 27. Kf2 Bd7
28. Kf3 Be6 29. Nf2 Rd8 30. Rg1 Rdd7 31. g4 Rb7 32. Re2 Be7 33. g5 Rf8 34. h4
Ba3 35. Rc2 Re8 36. Rb1 Rd7 37. h5 Ra7 38. Rg1 Rd7 39. h6 g6 40. Rb1 Kf7 41.
Nd3 Ra7 42. Rb4 Bd7 43. Bd6 Bxb4 44. cxb4 Rc8 45. Be5 Be8 46. a3 Rb7 47. Bf6
Ra7 48. Ne5+ 1/2-1/2

[Event "White Nights Open 2006"]
[Site "St. Petersburg RUS"]
[Date "2006.06.24"]
[Round "2.17"]
[White "Vunder, Andrey"]
[Black "Toporov, Victor"]
[Result "1/2-1/2"]
[WhiteElo "2293"]
[BlackElo "2112"]
[PlyCount "69"]
[EventDate "2006.06.22"]
[EventType "swiss"]
[EventRounds "9"]
[EventCountry "RUS"]
[Source "lmi"]
[SourceDate "2006.06.29"]

1. d4 Nf6 2. c4 g6 3. Nc3 Bg7 4. Bg5 d6 5. e3 h6 6. Bh4 Bd7 7. Be2 c5 8. Nf3 g5
9. Bg3 Nh5 10. dxc5 Nxg3 11. hxg3 dxc5 12. Qc2 Qa5 13. Nd2 Nc6 14. Nb3 Bxc3+
15. bxc3 Qa3 16. Rb1 b6 17. O-O O-O-O 18. Rfd1 Kc7 19. Bf3 f6 20. Qe4 Qa4 21.
Nxc5 bxc5 22. Rb5 Be8 23. Rdb1 Qa6 24. Rxc5 e5 25. Qf5 Rd6 26. Rd5 Bd7 27. Qg6
Rxd5 28. cxd5 Nd8 29. Qg7 Re8 30. Bh5 Kc8 31. Bxe8 Bxe8 32. Qe7 Qxa2 33. Qc5+
Bc6 34. Rb5 Qe2 35. dxc6 1/2-1/2

[Event "White Nights Open 2006"]
[Site "St. Petersburg RUS"]
[Date "2006.06.24"]
[Round "2.18"]
[White "Korchagina, Viktoria"]
[Black "Altshul, Raffael"]
[Result "0-1"]
[WhiteElo "1998"]
[BlackElo "2291"]
[PlyCount "104"]
[EventDate "2006.06.22"]
[EventType "swiss"]
[EventRounds "9"]
[EventCountry "RUS"]
[Source "lmi"]
[SourceDate "2006.06.29"]

1. e4 g6 2. d4 d6 3. Nc3 c6 4. f4 Qb6 5. Nf3 Bg4 6. Be2 Bg7 7. e5 Nh6 8. Ne4
Nf5 9. c3 Nd7 10. Nfg5 Bxe2 11. Qxe2 d5 12. e6 dxe4 13. exd7+ Kf8 14. Qxe4 Qb5
15. a4 Qd5 16. Qxd5 cxd5 17. Nf3 f6 18. O-O Rd8 19. Ne1 Nd6 20. Nd3 Ne4 21. a5
Rxd7 22. Nc5 Nxc5 23. dxc5 a6 24. Be3 Kf7 25. Bd4 e6 26. g4 h6 27. g5 hxg5 28.
fxg5 f5 29. Bxg7 Kxg7 30. Rae1 Kf7 31. Rf3 Rh4 32. b4 Rg4+ 33. Rg3 Rxg3+ 34.
hxg3 d4 35. Rd1 e5 36. Kf2 Ke6 37. c4 e4 38. b5 axb5 39. cxb5 Kd5 40. Rc1 Rh7
41. a6 bxa6 42. bxa6 Kc6 43. Ra1 Rh2+ 44. Kg1 Rh8 45. Ra5 e3 46. Kf1 d3 47. a7
Kb7 48. c6+ Ka8 49. c7 Rh1+ 50. Kg2 Rc1 51. Rd5 e2 52. Rxd3 e1=N+ 0-1

[Event "White Nights Open 2006"]
[Site "St. Petersburg RUS"]
[Date "2006.06.24"]
[Round "2.19"]
[White "Filatov, Viacheslav"]
[Black "Smirnov, Sergei"]
[Result "0-1"]
[WhiteElo "1929"]
[BlackElo "2283"]
[PlyCount "62"]
[EventDate "2006.06.22"]
[EventType "swiss"]
[EventRounds "9"]
[EventCountry "RUS"]
[Source "lmi"]
[SourceDate "2006.06.29"]

1. d4 Nf6 2. c4 c5 3. d5 g6 4. g3 Bg7 5. Bg2 d6 6. Nc3 O-O 7. Nf3 e6 8. O-O
exd5 9. cxd5 Nbd7 10. Bf4 Qe7 11. Re1 a6 12. a4 Re8 13. e4 Ng4 14. h3 Nge5 15.
Nxe5 Nxe5 16. Qe2 Qf8 17. Bc1 c4 18. Rd1 Bd7 19. Be3 f5 20. Bd4 f4 21. gxf4
Qxf4 22. Qe3 Qxe3 23. Bxe3 Nd3 24. Rd2 b5 25. Nd1 bxa4 26. Bf1 Rxe4 27. Nc3 Rh4
28. Nxa4 Rb8 29. Nb6 Bb5 30. Rb1 Ne5 31. f4 Nf3+ 0-1

[Event "White Nights Open 2006"]
[Site "St. Petersburg RUS"]
[Date "2006.06.24"]
[Round "2.22"]
[White "Karasev, Vladimir I"]
[Black "Tukan, Ekaterina"]
[Result "1-0"]
[WhiteElo "2386"]
[BlackElo "1974"]
[PlyCount "59"]
[EventDate "2006.06.22"]
[EventType "swiss"]
[EventRounds "9"]
[EventCountry "RUS"]
[Source "lmi"]
[SourceDate "2006.06.29"]

1. e4 e5 2. Nc3 d6 3. g3 Be7 4. Bg2 Nf6 5. Nge2 Nc6 6. d4 exd4 7. Nxd4 O-O 8.
O-O Nxd4 9. Qxd4 Ne8 10. Nd5 c6 11. Nxe7+ Qxe7 12. Bf4 Be6 13. Rfd1 Rd8 14.
Qxa7 g5 15. Be3 f5 16. exf5 Bxf5 17. Bxc6 Be4 18. Bxe4 Qxe4 19. Bxg5 Rc8 20.
Re1 Qf5 21. Bh6 Rf6 22. Qe3 Ng7 23. Bxg7 Kxg7 24. Re2 Rc5 25. Qe7+ Kh6 26. Rf1
b6 27. Re4 Kg6 28. Rf4 Qe5 29. Rg4+ Kf5 30. Rg5+ 1-0

[Event "White Nights Open 2006"]
[Site "St. Petersburg RUS"]
[Date "2006.06.24"]
[Round "2.23"]
[White "Kurilov, Viktor"]
[Black "Zefirov, Vadim"]
[Result "1-0"]
[WhiteElo "2329"]
[BlackElo "2086"]
[PlyCount "91"]
[EventDate "2006.06.22"]
[EventType "swiss"]
[EventRounds "9"]
[EventCountry "RUS"]
[Source "lmi"]
[SourceDate "2006.06.29"]

1. e4 d6 2. d4 g6 3. Nf3 Bg7 4. Bc4 Nh6 5. h3 e6 6. Bg5 f6 7. Be3 Nf7 8. Nc3
Qe7 9. Qd2 b6 10. d5 e5 11. Bb5+ Bd7 12. Bxd7+ Qxd7 13. g4 a6 14. O-O-O b5 15.
Qd3 b4 16. Ne2 a5 17. Nd2 Na6 18. Nc4 O-O 19. f4 Rfb8 20. b3 a4 21. f5 Qb5 22.
h4 Nc5 23. Bxc5 Qxc5 24. fxg6 hxg6 25. h5 Qa7 26. hxg6 Ng5 27. Ng3 axb3 28.
axb3 Qd4 29. Qxd4 exd4 30. Kd2 Re8 31. Kd3 Re7 32. Rdf1 Rae8 33. Rf4 c6 34.
Nxd6 cxd5 35. Nxe8 Rxe8 36. Rf5 dxe4+ 37. Kxd4 Bf8 38. Nh5 Ne6+ 39. Kxe4 Rc8
40. Nxf6+ Kg7 41. Nh5+ Kg8 42. Re5 Nc5+ 43. Kf5 Bg7 44. Nxg7 Kxg7 45. Re7+ Kg8
46. g7 1-0

[Event "White Nights Open 2006"]
[Site "St. Petersburg RUS"]
[Date "2006.06.24"]
[Round "2.25"]
[White "Fedoseev, Sergey"]
[Black "Zuttis, Sergey"]
[Result "1/2-1/2"]
[WhiteElo "2316"]
[BlackElo "2097"]
[PlyCount "70"]
[EventDate "2006.06.22"]
[EventType "swiss"]
[EventRounds "9"]
[EventCountry "RUS"]
[Source "lmi"]
[SourceDate "2006.06.29"]

1. e4 e5 2. Nf3 Nf6 3. Nxe5 d6 4. Nf3 Nxe4 5. d4 d5 6. Bd3 Nc6 7. O-O Be7 8. c4
Nb4 9. Be2 O-O 10. a3 Nc6 11. cxd5 Qxd5 12. Nc3 Nxc3 13. bxc3 Na5 14. Nd2 Be6
15. Bb2 Qc6 16. Re1 Rfe8 17. Bf3 Qb6 18. Qc2 Nc4 19. Bc1 Nxd2 20. Bxd2 c6 21.
a4 Rad8 22. Bf4 Bd6 23. Bxd6 Rxd6 24. a5 Qc7 25. Re5 f6 26. Re3 Bf7 27. Rxe8+
Bxe8 28. a6 b6 29. Re1 Bg6 30. Qa2+ Kf8 31. h4 Bf7 32. Qb1 g6 33. h5 Kg7 34.
hxg6 hxg6 35. Qd3 b5 1/2-1/2

[Event "White Nights Open 2006"]
[Site "St. Petersburg RUS"]
[Date "2006.06.24"]
[Round "2.26"]
[White "Gershun, Dmitry"]
[Black "Shimanov, Aleksandr"]
[Result "0-1"]
[WhiteElo "2039"]
[BlackElo "2300"]
[PlyCount "118"]
[EventDate "2006.06.22"]
[EventType "swiss"]
[EventRounds "9"]
[EventCountry "RUS"]
[Source "lmi"]
[SourceDate "2006.06.29"]

1. e4 c5 2. Nf3 d6 3. d4 cxd4 4. Nxd4 Nf6 5. Nc3 a6 6. Be3 e5 7. Nb3 Be6 8. f3
Be7 9. Qd2 O-O 10. g4 d5 11. exd5 Nxd5 12. Nxd5 Bxd5 13. Bg2 Bh4+ 14. Bf2 Bxb3
15. Qxd8 Bxf2+ 16. Kxf2 Rxd8 17. axb3 Rd2+ 18. Kg3 Nc6 19. Rac1 Nd4 20. Rhd1
Rxd1 21. Rxd1 g5 22. c3 Nxb3 23. Rd5 Re8 24. Bf1 b5 25. c4 b4 26. c5 Rc8 27.
Rxe5 Rxc5 28. Re8+ Kg7 29. Bxa6 Rc2 30. Re2 Rc6 31. Bb7 Rd6 32. Be4 Nc5 33. Bf5
Rd4 34. Kf2 h6 35. Ke3 Rd8 36. Rc2 Na4 37. f4 b3 38. Rf2 Nb6 39. fxg5 Nc4+ 40.
Kf3 hxg5 41. Be4 Rd4 42. Re2 Kf6 43. Bf5 Rd1 44. Kf2 Nd6 45. Be4 Nc4 46. Bf5
Ra1 47. Bd3 Ne5 48. Bf5 Ra2 49. Bb1 Nxg4+ 50. Kg3 Ra4 51. Be4 Nh6 52. Bd5 Nf5+
53. Kg2 Rb4 54. Rf2 Ke5 55. Bxf7 Rb7 56. Bg6 Nh4+ 57. Kg3 Nxg6 58. Kg4 Nf4 59.
h4 gxh4 0-1

[Event "White Nights Open 2006"]
[Site "St. Petersburg RUS"]
[Date "2006.06.24"]
[Round "2.27"]
[White "Serov, Maksim"]
[Black "Matrosov, Vladimir"]
[Result "1/2-1/2"]
[WhiteElo "2263"]
[BlackElo "2082"]
[PlyCount "91"]
[EventDate "2006.06.22"]
[EventType "swiss"]
[EventRounds "9"]
[EventCountry "RUS"]
[Source "lmi"]
[SourceDate "2006.06.29"]

1. d4 e6 2. c4 f5 3. g3 Nf6 4. Bg2 d5 5. Qc2 c6 6. Nh3 Bd6 7. Bf4 O-O 8. Nd2
Qe7 9. O-O Nbd7 10. Nf3 Ne4 11. Bxd6 Qxd6 12. Nf4 g5 13. Nd3 dxc4 14. Nde5 b5
15. Nxd7 Bxd7 16. Rad1 Rac8 17. Ne5 Nf6 18. e4 Nxe4 19. Bxe4 fxe4 20. Qxe4 Qe7
21. f4 gxf4 22. gxf4 Be8 23. Kh1 Kh8 24. f5 Bh5 25. Rde1 Qd6 26. f6 c5 27. Qb7
Rc7 28. dxc5 Qxc5 29. Qg2 Be8 30. Rg1 Bc6 31. Nxc6 Qxc6 32. Re4 Rcf7 33. h3 Qb7
34. Rxe6 Qxg2+ 35. Rxg2 Rxf6 36. Re7 a6 37. Rgg7 Rf1+ 38. Kg2 R8f2+ 39. Kg3
Rg1+ 40. Kxf2 Rxg7 41. Re3 Rc7 42. Re6 b4 43. Ke2 c3 44. bxc3 Rxc3 45. Rxa6
Rxh3 46. Ra4 1/2-1/2

[Event "White Nights Open 2006"]
[Site "St. Petersburg RUS"]
[Date "2006.06.24"]
[Round "2.28"]
[White "Bazhenova, Dina"]
[Black "Bystryakova, Elena V"]
[Result "0-1"]
[WhiteElo "1858"]
[BlackElo "2191"]
[PlyCount "114"]
[EventDate "2006.06.22"]
[EventType "swiss"]
[EventRounds "9"]
[EventCountry "RUS"]
[Source "lmi"]
[SourceDate "2006.06.29"]

1. e4 c6 2. d4 d5 3. e5 c5 4. dxc5 e6 5. Be3 Nh6 6. c3 Nf5 7. Bd4 Nxd4 8. cxd4
b6 9. Bb5+ Bd7 10. Bxd7+ Nxd7 11. cxb6 Qxb6 12. Qd2 Rb8 13. b3 Bb4 14. Nc3 Rc8
15. Nge2 Qa5 16. Rc1 O-O 17. O-O Rc7 18. Qe3 Ba3 19. Rcd1 Rfc8 20. Nb1 Rc2 21.
Nxa3 Qxa3 22. Rc1 h6 23. Rxc2 Rxc2 24. Rc1 Qxa2 25. Rxc2 Qxc2 26. h3 Nb8 27.
Nf4 Nc6 28. Kh2 Na5 29. b4 Nc4 30. Qg3 Nd2 31. Qd3 Qxd3 32. Nxd3 Nb3 33. Kg3
Nxd4 34. f4 Kf8 35. Kf2 Ke7 36. g4 Kd7 37. Ke3 Nc6 38. b5 Na5 39. Kd4 Nb7 40.
f5 Kc7 41. fxe6 fxe6 42. Nf4 Nd8 43. Kc5 g5 44. Nh5 Nb7+ 45. Kb4 Kb6 46. Nf6
Nc5 47. Ng8 Nd3+ 48. Kc3 Nxe5 49. Nxh6 Kxb5 50. Kd4 Nc6+ 51. Kc3 Nd8 52. h4
gxh4 53. g5 h3 54. g6 Nc6 55. g7 Ne7 56. Ng4 a5 57. Kd4 Nf5+ 0-1

[Event "White Nights Open 2006"]
[Site "St. Petersburg RUS"]
[Date "2006.06.24"]
[Round "2.29"]
[White "Romanov, Vasily"]
[Black "Rodkin, Felix"]
[Result "1-0"]
[WhiteElo "1952"]
[BlackElo "2166"]
[PlyCount "83"]
[EventDate "2006.06.22"]
[EventType "swiss"]
[EventRounds "9"]
[EventCountry "RUS"]
[Source "lmi"]
[SourceDate "2006.06.29"]

1. d4 d5 2. Nf3 Bg4 3. c4 e6 4. e3 c6 5. Nc3 Nf6 6. h3 Bh5 7. g4 Bg6 8. Ne5
Nfd7 9. Nxg6 hxg6 10. Qb3 Qb6 11. Bg2 Qxb3 12. axb3 f5 13. g5 Na6 14. Bd2 Kf7
15. cxd5 exd5 16. Nxd5 Bd6 17. Nc3 Nb4 18. O-O a6 19. e4 Nb6 20. Na4 Nd7 21. e5
Be7 22. e6+ Kxe6 23. Rfe1+ Kf7 24. Rxe7+ Kxe7 25. Bxb4+ Kd8 26. Ba5+ Ke7 27.
Bb4+ Kd8 28. Re1 a5 29. Bc5 Re8 30. Rd1 Nxc5 31. dxc5+ Kc7 32. Rd6 Rad8 33.
Rxg6 Re7 34. Bf1 f4 35. Kg2 Rd2 36. Bc4 Re3 37. Rxg7+ Kd8 38. g6 Rg3+ 39. Kf1
Rg5 40. h4 Rg4 41. Be2 Rxh4 42. Rh7 1-0

[Event "White Nights Open 2006"]
[Site "St. Petersburg RUS"]
[Date "2006.06.24"]
[Round "2.30"]
[White "Mukhlisov, Vladislav"]
[Black "Chernov, Vladimir E"]
[Result "1/2-1/2"]
[WhiteElo "2140"]
[BlackElo "2030"]
[PlyCount "100"]
[EventDate "2006.06.22"]
[EventType "swiss"]
[EventRounds "9"]
[EventCountry "RUS"]
[Source "lmi"]
[SourceDate "2006.06.29"]

1. e4 c5 2. Nf3 Nc6 3. Bb5 d6 4. O-O Bd7 5. c3 Qb6 6. Na3 Nf6 7. Re1 e5 8. Bf1
Be7 9. Nc4 Qc7 10. d4 b5 11. Ncd2 Rb8 12. h3 O-O 13. d5 Nd8 14. g4 Ne8 15. Bg2
f6 16. Nf1 Nf7 17. Ng3 g6 18. Nh2 Ng7 19. Qc2 Qc8 20. f4 exf4 21. Bxf4 Ne5 22.
Nf3 Bxg4 23. hxg4 Qxg4 24. Bxe5 fxe5 25. Kh2 Rxf3 26. Bxf3 Qxf3 27. Qe2 Qxe2+
28. Rxe2 Rf8 29. Kg2 Bg5 30. a4 b4 31. cxb4 cxb4 32. Rc2 Be3 33. Rf1 Rxf1 34.
Kxf1 h5 35. Rc6 Ne8 36. Kg2 Bc5 37. Nf1 Kf7 38. Nd2 g5 39. Nf3 Kf6 40. Rc8 Ng7
41. Rf8+ Kg6 42. Rg8 g4 43. Nh4+ Kf7 44. Rh8 Kf6 45. Rg8 Be3 46. b3 Bg5 47. Kg3
Kf7 48. Rh8 Bf4+ 49. Kf2 Bg5 50. Kg3 Bf4+ 1/2-1/2

[Event "White Nights Open 2006"]
[Site "St. Petersburg RUS"]
[Date "2006.06.24"]
[Round "2.31"]
[White "Kostyuchenko, Vladimir"]
[Black "Kuzmin, Yury"]
[Result "1-0"]
[WhiteElo "2138"]
[BlackElo "2000"]
[PlyCount "91"]
[EventDate "2006.06.22"]
[EventType "swiss"]
[EventRounds "9"]
[EventCountry "RUS"]
[Source "lmi"]
[SourceDate "2006.06.29"]

1. d4 d5 2. c4 c6 3. cxd5 cxd5 4. Nc3 Nf6 5. Nf3 Nc6 6. Bf4 e6 7. e3 Bd6 8.
Bxd6 Qxd6 9. Bd3 O-O 10. O-O b6 11. Rc1 Bb7 12. a3 Rac8 13. b4 Nd7 14. Qb3 a6
15. Rb1 a5 16. Rfc1 axb4 17. axb4 Ra8 18. Bf1 Rfc8 19. Ne1 Ba6 20. Bxa6 Rxa6
21. Nd3 Raa8 22. h3 Qe7 23. Rc2 Qd8 24. Rbc1 Ne7 25. Nb5 Rxc2 26. Rxc2 Rc8 27.
Na7 Rxc2 28. Qxc2 Qa8 29. Qc7 Qe8 30. Nc6 Nxc6 31. Qxc6 Qd8 32. Qd6 Qc8 33. b5
g6 34. Qc6 Qd8 35. Qd6 Qc8 36. Nb4 Kg7 37. Nc6 h6 38. Qe7 Nf6 39. Ne5 Qe8 40.
Qc7 Ne4 41. Qxb6 Qe7 42. Qa5 Nd6 43. b6 Qb7 44. Qa7 Kf8 45. Nd7+ Ke8 46. Nc5
1-0